000 00593cam a2200217 i 4500
001 2217103
005 20180123040024.0
008 760130s1976 maua b 001 0 eng
010 _a 75031031
020 _a0395206278
040 _aDLC
_cDLC
_dDLC
041 _aeng
080 _a301.32 cha
082 0 0 _a301.32 cha
100 1 _a42
101 _agje
245 1 0 _aPopulation :
_cCharles B. Nam, Susan O. Gustavus.
504 _aIncludes bibliographies and index.
906 _a7
_bcbc
_corignew
_d2
_eocip
_f19
_gy-gencatlg
942 _2ddc
_cBK
999 _c40723
_d40723